000 02056nam a2200505 a 4500
001 ebr10495626
003 CaPaEBR
006 m u
007 cr cn|||||||||
008 090610s2009 vau sb 001 0 eng d
010 _z 2009023619
020 _z0813928656 (cloth : alk. paper)
020 _z9780813928661 (pbk. : alk. paper)
020 _z0813928664 (pbk. : alk. paper)
020 _z0813928680 (e-book)
020 _z9780813928654
020 _z9780813928685 (e-book)
040 _aCaPaEBR
_cCaPaEBR
035 _a(OCoLC)753976360
043 _acc-----
050 1 4 _aPN849.C3
_bH36 2009eb
082 0 4 _a809.3/009729
_222
100 1 _aHalloran, Vivian Nun,
_d1971-
245 1 0 _aExhibiting slavery
_h[electronic resource] :
_bthe Caribbean postmodern novel as museum /
_cVivian Nun Halloran.
260 _aCharlottesville :
_bUniversity of Virginia Press,
_c2009.
300 _ax, 207 p.
490 1 _aNew World studies
500 _a"American Literatures Initiative"--T.p. verso.
504 _aIncludes bibliographical references and index.
533 _aElectronic reproduction.
_bPalo Alto, Calif. :
_cebrary,
_d2013.
_nAvailable via World Wide Web.
_nAccess may be limited to ebrary affiliated libraries.
650 0 _aCaribbean fiction
_y20th century
_xHistory and criticism.
650 0 _aSlavery in literature.
650 0 _aArchives in literature.
650 0 _aSlavery
_zCaribbean Area
_xHistory
_vSources.
650 0 _aCaribbean fiction (English)
_xHistory and criticism.
650 0 _aCaribbean fiction (French)
_xHistory and criticism.
650 0 _aCaribbean fiction (Spanish)
_xHistory and criticism.
650 0 _aPostmodernism (Literature)
_zCaribbean Area.
651 0 _aCaribbean Area
_xIn literature.
655 7 _aElectronic books.
_2local
710 2 _aAmerican Literatures Initiative.
710 2 _aebrary, Inc.
830 0 _aNew World studies.
856 4 0 _uhttp://site.ebrary.com/lib/rucke/Doc?id=10495626
_zAn electronic book accessible through the World Wide Web; click to view
999 _c130698
_d130698